• 首页
  • 本馆介绍
  • 公告通知
  • 最新文献
  • 馆藏检索
  • 电子资源
  • 读者导购
  • 参考咨询
  • 我的图书馆
  • 登录
  • 详细信息显示
  • 放入我的书架
  • 预约/预借图书
  • 作者相关作品
  • 分类相关作品
  • 丛书相关作品
  • 出版社相关作品

书目信息

  • 表格格式
  • 工作单格式
  • 卡片格式
题名:
跨域体验 融合创意
    
 
作者: 钱熹瑗 , 李嘉栋 主编
分册:  
出版信息: 上海   华东师范大学出版社  2018
页数: 206页
开本: 26cm
丛书名: 上海课改30年学科类成果丛书
单 册:
中图分类: G633.950.2
科图分类:
主题词: 艺术教育--课程改革--教学研究--中学--上海
电子资源:
ISBN: 978-7-5675-8595-9
000 00923oam2 2200265 450
001 012001003454
005 20131013111558.0
010    @a978-7-5675-8595-9@dCNY34.50
100    @a20190731d2018 em y0chiy50 ea
101 0  @achi
102    @aCN@b310000
105    @ay z 000yy
106    @ar
200 1  @a跨域体验 融合创意@Akua yu ti yan rong he chuang yi@e上海市中学艺术学科课改经验总结@f钱熹瑗,李嘉栋主编
210    @a上海@c华东师范大学出版社@d2018
215    @a206页@d26cm
225 2  @a上海课改30年学科类成果丛书
410  0 @12001 @a上海课改30年学科类成果丛书
517 1  @a上海市中学艺术学科课改经验总结@Ashang hai shi zhong xue yi shu xue ke ke gai jing yan zong jie
606 0  @a艺术教育@x课程改革@x教学研究@x中学@y上海
690    @aG633.950.2@v5
701  0 @a钱熹瑗@Aqian xi yuan@4主编
701  0 @a李嘉栋@Ali jia dong@4主编
801    @b江苏凤凰@c20191020
905    @b1232978-83@dG633.950.2@e173@f6
    
    跨域体验 融合创意:上海市中学艺术学科课改经验总结/钱熹瑗,李嘉栋主编.-上海:华东师范大学出版社,2018
    206页;26cm.-(上海课改30年学科类成果丛书)
    
    
    ISBN 978-7-5675-8595-9:CNY34.50
    
●
相关链接 在E读中查询图书 在五车中查询图书 在当当中查询图书 在豆瓣中查询图书


正题名:跨域体验 融合创意     索取号:G633.950.2/173         预约/预借

序号 登录号 条形码 馆藏地/架位号 状态 备注
1 1232978   212329782   第一样本阅览室/ [索取号:G633.950.2/173] 在馆    
2 1232979   212329791   教育系资料室/ [索取号:G633.950.2/173] 在馆    
3 1232980   212329808   教育系资料室/ [索取号:G633.950.2/173] 在馆    
4 1232981   212329817   教育系资料室/ [索取号:G633.950.2/173] 在馆    
5 1232982   212329826   第四借阅区/ [索取号:G633.950.2/173] 在馆    
6 1232983   212329835   第四借阅区/ [索取号:G633.950.2/173] 在馆    
唐山师范学院图书馆 欢迎您!
大连网信软件有限公司© 版权所有